Εθισμός στο διαδίκτυο, έρευνα στην Ελλάδα : διπλωματική εργασία

Αποθηκεύτηκε σε:
Λεπτομέρειες βιβλιογραφικής εγγραφής
Κύριος συγγραφέας: Διάκος, Κωνσταντίνος
Συγγραφή απο Οργανισμό/Αρχή: Πανεπιστήμιο Αιγαίου Σχολή Ανθρωπιστικών Επιστημών Παιδαγωγικό Τμήμα Δημοτικής Εκπαίδευσης Πρόγραμμα Μεταπτυχιακών Σπουδών Επιστήμες της Αγωγής - Εκπαίδευση με τη Χρήση Νέων Τεχνολογιών
Άλλοι συγγραφείς: Δούκα, Αθανασία, Σοφός, Αλιβίζος (Εισηγητής διατριβής)
Μορφή: Thesis Βιβλίο
Γλώσσα:Greek
Δημοσίευση: 2010
Θέματα:
Διαθέσιμο Online:http://hdl.handle.net/11610/13177
Ετικέτες: Προσθήκη ετικέτας
Δεν υπάρχουν, Καταχωρήστε ετικέτα πρώτοι!

MARC

LEADER 00000cam a2200000 i 4500
001 1/15208
008 110928s2010 gre d
035 |l 10110884 
040 |a GR-MY-UA  |b gre  |e aacr 
041 0 |a gre 
082 0 |a 303.4  |2 (22) 
100 1 |a Διάκος, Κωνσταντίνος. 
245 1 0 |a Εθισμός στο διαδίκτυο, έρευνα στην Ελλάδα :  |b διπλωματική εργασία /  |c Διάκος Κωνσταντίνος, Δούκα Αθανασία ; επιβλέπων: Σοφός Αλιβίζος 
260 |c 2010 
300 |a 183 σ.;  |b πιν.;  |c 30 εκ. 
500 |a Μέλη εξεταστικής επιτροπής: Αθανασιάδης Ηλίας, Βρατσάλης Κωνσταντίνος 
502 |a Διατριβή (μεταπτυχιακή) – Πανεπιστήμιο Αιγαίου, Ρόδος, 2010. 
504 |a Βιβλιογραφία: σ. 176-181 
650 0 0 |a Internet. 
650 0 0 |a Internet addiction. 
650 0 0 |a Internet  |x Psychological aspects. 
650 0 0 |a Internet users  |x Social aspects. 
650 0 0 |a Internet and children. 
650 0 0 |a Internet and teenagers. 
650 0 0 |a Internet in education  |z Greece. 
650 0 0 |a Dissertations, Academic  |z Greece. 
700 1 |a Δούκα, Αθανασία. 
700 1 |a Σοφός, Αλιβίζος.  |4 ths 
710 2 |a Πανεπιστήμιο Αιγαίου  |b Σχολή Ανθρωπιστικών Επιστημών  |b Παιδαγωγικό Τμήμα Δημοτικής Εκπαίδευσης  |b Πρόγραμμα Μεταπτυχιακών Σπουδών Επιστήμες της Αγωγής - Εκπαίδευση με τη Χρήση Νέων Τεχνολογιών. 
852 |a INST  |b RHODES  |c DIATR  |e 20110928  |h 303.4 ΕΘΙ  |p 005400033627  |q 005400033627  |t MTXE  |y 23 
852 |a INST  |b RHODES  |c DIATR  |e 20110928  |h 303.4 ΕΘΙ  |p 005400033628  |q 005400033628  |t MTXE  |y 23 
856 |u http://hdl.handle.net/11610/13177 
901 |a BIBL4-2011-3 
909 |a Ρ  |b 170273 
909 |a Ρ  |b 170274 
924 |a ΔΙΑΚΟΣ  |b ΚΩΝΣΤΑΝΤΙΝΟΣ  |y ΡΟΔΟΣ  |z 2011-09 
924 |a ΔΟΥΚΑ  |b ΑΘΑΝΑΣΙΑ  |y ΡΟΔΟΣ  |z 2011-09 
970 |z 2010/05/